000 00804nac a22002657a 4500
001 BR6003785
003 BR-BrBNA
005 20240105113059.0
008 230509b bl.|||m| |||| 00| 0 por d
040 _aBR-BrBNA
_bpor
_cBiblioteca Nacional de Agricultura
072 _aE30
090 _aE30 BR6003785
110 1 _aGoverno do Estado do Amazonas, Manaus (Brasil)
_95337
245 1 _aPlano de governo 1971-1974 [Amazonas; Brasil]
260 3 _aManaus, AM (Brasil):
_c1971.
300 _av. 1-2
490 _aPlano de Governo - Governo do Estado do Amazonas (Brazil)
_v
_x
650 _aDesenvolvimento agricola
650 _aAssistencia tecnica
650 _aPecuaria
650 _aPesca
650 _aAmazonas
909 _a202312
_bLúcia Elande
_c55
_dLúcia Elande
942 _2AGRIS
_n0
_cMS
999 _c261780
_d261780